Pyar bhara dil / (Record no. 47492)

MARC details
000 -LEADER
fixed length control field 01136njm a22003017a 4500
005 - DATE AND TIME OF LATEST TRANSACTION
control field 20100922140657.0
007 - PHYSICAL DESCRIPTION FIXED FIELD--GENERAL INFORMATION
fixed length control field sd ammalaaahaa
008 - FIXED-LENGTH DATA ELEMENTS--GENERAL INFORMATION
fixed length control field 100913t xxu||||| |||| 00| 0 hin d
028 ## - PUBLISHER NUMBER
Publisher number SHFLP-1/1463
Source SUPER; T-Series
035 ## - SYSTEM CONTROL NUMBER
System control number GR-07817
040 ## - CATALOGING SOURCE
Original cataloging agency SED
Transcribing agency SED
100 ## - MAIN ENTRY--PERSONAL NAME
Personal name Barot, Chandra
9 (RLIN) 1184
245 ## - TITLE STATEMENT
Title Pyar bhara dil /
Statement of responsibility, etc by Chandra Barot ; produced by Anis ; lyrics by Yogesh ; music by Nikhil [and] Vinay
Medium [sound recording] :
260 ## - PUBLICATION, DISTRIBUTION, ETC. (IMPRINT)
Place of publication, distribution, etc Dum Dum India
Name of publisher, distributor, etc SUPER; T-Series
Date of publication, distribution, etc 1991
300 ## - PHYSICAL DESCRIPTION
Extent 1 sound disc [Gramophone record] :
Other physical details analog, 33 1/3 rpm
Dimensions 12.5 in. (LP)
Type of unit Gramophone Record
500 ## - GENERAL NOTE
General note Brief Record
500 ## - GENERAL NOTE
General note Record label :SUPER; T-Series, Red
505 ## - FORMATTED CONTENTS NOTE
Formatted contents note Side-1 (Banke kitab teri) (Anuradha Paudwal) Side-2 (Karo yeh sanam aaj vada) (Anuradha Paudwal)
600 ## - SUBJECT ADDED ENTRY--PERSONAL NAME
Personal name Barot, Chandra
9 (RLIN) 19992
650 ## - SUBJECT ADDED ENTRY--TOPICAL TERM
Topical term or geographic name as entry element Hind Film songs
General subdivision Excerpts
Geographic subdivision India
9 (RLIN) 21058
650 ## - SUBJECT ADDED ENTRY--TOPICAL TERM
9 (RLIN) 21096
700 ## - ADDED ENTRY--PERSONAL NAME
9 (RLIN) 21075
Personal name Anis
700 ## - ADDED ENTRY--PERSONAL NAME
Personal name Yogesh
9 (RLIN) 21124
700 ## - ADDED ENTRY--PERSONAL NAME
Personal name Nikhil
9 (RLIN) 21125
700 ## - ADDED ENTRY--PERSONAL NAME
Personal name Vinay
9 (RLIN) 21129
942 ## - ADDED ENTRY ELEMENTS (KOHA)
Source of classification or shelving scheme Dewey Decimal Classification
Item type Gramaphone Records
Holdings
Withdrawn status Lost status Source of classification or shelving scheme Damaged status Not for loan Collection code Home library Current library Date acquired Source of acquisition Total Checkouts Barcode Date last seen Copy number Price effective from Koha item type
    Dewey Decimal Classification   Not For Loan Non-fiction Central Library Central Library 22/09/2010 SED/VEN   GR-07817 22/09/2010 1 22/09/2010 Gramaphone Records

© Delhi Public Library
Hit Counter
free hit counter